000 00699cam a22002291 4500
001 ne 63001480
003 DLC
005 20260227111748.0
008 890131s1962 ua 000 0 ara c
010 _ane 63001480
025 _aPL480:UAR-2728
035 _a(OCoLC)19089268
040 _aPrinceton Univ. Libr.
_cWaU
_dWaU
_dDLC
042 _apremarc
043 _af-ua---
050 0 0 _aGR355
_b.B3
100 1 _aBaqlī, Muḥammad Qandīl
245 1 0 _aṢuwar min adabinā al-shaʻbī,
_baw al-fūlklūr al-Miṣrī.
_cTaʼlīf Muḥammad Qandīl al-Baqlī.
260 _a[al-Qāhirah]
_bMaktabat al-Anglū al-Miṣrīyah
_c[1962?]
300 _a164 p.
_c20 cm.
650 0 _aFolklore
_zEgypt.
999 _c46109
_d46109